LEADER 01237nam a2200253 a 4500 001 000000133776 003 CaOOAMICUS 005 20130507111047.0 008 130507s2005 it m u000 u ita d 040 $aANG$bita$dPUL 100 1 $aAra, Alberto.$0(OLS)http://pul/name/86194 245 10$aAngeli e sostanze separate :$bl'idea di materia spiritualis tra il secolo XII e il secolo XIII : ricognizione storico-testuale, valutazione teoretica /$cAlberto Ara. 260 $aFirenze :$b[s.n.],$c2005. 300 $a11, 395-824 p.$c24 cm 502 $aEstratto da Tesi di Dottorato--Facoltà Teologica dell'Italia Centrale, 2005. 504 $aBibliografia: p. 771-820. 650 4$aAngeli.$0(OLS)http://pul/subject/1404 710 22$aFacoltà teologica dell'Italia centrale.$kTesi.$0(OLS)http://pul/name/82533 850 $aPUL 852 $aPUL$W1$xDP1 Tesi Fac. It. Centrale$y118$m2005 B 1$j94822$qTesi$B153332$CPULBib$Z2$F153332 $82 941 1 $a16 996 $6245$aAngeli e sostanze separate :$bl'idea di materia spiritualis tra il secolo XII e il secolo XIII : ricognizione storico-testuale, valutazione teoretica$9(OLS)http://pul/title/169095 996 $6260$aFirenze :$b[s.n.]$9(OLS)http://pul/publisher/49454 LEADER 01048nam a2200253 u 4500 001 000000074909 003 CaOOAMICUS 005 20070226123037.0 008 021218s1989 it u000 u ita u 035 $a10949330 040 $aPUL$bita 245 02$aL'ACEC oltre i quarant'anni :$brelazione all'Assemblea nazionale, Roma 19 ottobre 1989. 260 $a[S. l. :$bs. n.],$c1989. 300 $a109 p. ;$c24 cm 490 1 $aQuaderni di nostro cinema ;$v22 500 $aIn testa al front.: ACEC. 650 4$aCinema.$0(OLS)http://pul/subject/3452 830 0$aQuaderni di nostro cinema ;$v22.$0(OLS)http://pul/title/71617 850 $aPUL 852 $aPUL$W1$xSL Religione 2$y84$mRH E2 92$j96514$nBK-PRI$b $qStampati altre collocazioni$B96514$CPULBib$Z2$F96514 $H $81 941 1 $a10 961 $aINV: 85836 996 $6245$aL'ACEC oltre i quarant'anni :$brelazione all'Assemblea nazionale, Roma 19 ottobre 1989$9(OLS)http://pul/title/98263 996 $6260$a[S. l. :$bs. n.]$9(OLS)http://pul/publisher/47882